[Event "Brasschaat op"]
[Site "Brasschaat"]
[Date "2024.08.24"]
[Round "8"]
[White "Wahlund, Max"]
[Black "Godde, Matthias"]
[Result "0-1"]
[WhiteElo "2043"]
[BlackElo "2120"]
[PlyCount "64"]
[EventDate "2024.08.17"]
[EventType "swiss"]
[EventRounds "9"]
[EventCountry "BEL"]
[SourceTitle "EXT 2025"]
[Source "ChessBase"]
[SourceDate "2024.10.14"]
[SourceVersion "1"]
[SourceVersionDate "2024.10.14"]
[SourceQuality "1"]

1. d4 Nf6 2. c4 g6 3. Nc3 Bg7 4. e4 d6 5. Nf3 0-0 6. Be2 e5 7. 0-0 Nc6 8. d5 Ne7 9. Ne1 Nd7 10. Be3 f5 11. f3 f4 12. Bf2 g5 13. Nb5 b6 14. a4 a6 15. Nc3 a5 16. Nd3 Nc5 17. b4 Nxd3 18. Qxd3 axb4 19. Nb5 h5 20. Be1 Ng6 21. Bxb4 g4 22. Rfc1 Rf7 23. a5 bxa5 24. Rxa5 Rxa5 25. Bxa5 Bf8 26. Qb3 Rg7 27. Nxc7 Nh4 28. Kh1 Nxg2 29. fxg4 hxg4 30. Ne6 Qh4 31. Kxg2 f3+ 32. Kg1 g3 0-1

[Event "Brasschaat op"]
[Site "Brasschaat"]
[Date "2024.08.19"]
[Round "3"]
[White "Godde, Matthias"]
[Black "Hng, Mei Xian Eunice"]
[Result "1-0"]
[WhiteElo "2120"]
[BlackElo "2019"]
[PlyCount "93"]
[EventDate "2024.08.17"]
[EventType "swiss"]
[EventRounds "9"]
[EventCountry "BEL"]
[SourceTitle "EXT 2025"]
[Source "ChessBase"]
[SourceDate "2024.10.14"]
[SourceVersion "1"]
[SourceVersionDate "2024.10.14"]
[SourceQuality "1"]

1. e4 d6 2. d4 Nf6 3. Nc3 g6 4. Bf4 Bg7 5. Qd2 c6 6. Nf3 b5 7. Bd3 Nbd7 8. a3 0-0 9. Bh6 e5 10. dxe5 dxe5 11. h3 Re8 12. Be3 Qc7 13. 0-0 Nf8 14. Rfd1 Rd8 15. Qe1 Ne6 16. a4 b4 17. Na2 a5 18. Nd2 Nd7 19. Nb3 Bf8 20. Nac1 Nb6 21. Nd2 Bb7 22. Ncb3 c5 23. Qf1 Bc6 24. Bb5 Nd4 25. c3 bxc3 26. bxc3 Nc2 27. Bg5 Nxa1 28. Bxd8 Rxd8 29. Rxa1 Bxb5 30. Qxb5 c4 31. Qxa5 cxb3 32. Nxb3 Qc6 33. Qxe5 Bg7 34. Qc5 Qxc5 35. Nxc5 Bxc3 36. Rb1 Nd7 37. Rd1 Ra8 38. Rxd7 Ra5 39. Rd5 Bb4 40. Nb3 Rxa4 41. Rd4 h5 42. e5 Kg7 43. Rc4 Kg8 44. g3 Kf8 45. Kg2 Ke8 46. Nd4 h4 47. g4 1-0

[Event "Brasschaat op"]
[Site "Brasschaat"]
[Date "2023.08.24"]
[Round "6"]
[White "Beukema, Constantijn"]
[Black "Godde, Matthias"]
[Result "1-0"]
[WhiteElo "2005"]
[BlackElo "2065"]
[PlyCount "47"]
[EventDate "2023.08.18"]
[EventType "swiss"]
[EventRounds "9"]
[EventCountry "BEL"]
[SourceTitle "CBM 216 Extra"]
[Source "ChessBase"]
[SourceDate "2023.11.30"]
[SourceVersion "1"]
[SourceVersionDate "2023.11.30"]
[SourceQuality "1"]

1. e4 c5 2. Nc3 Nc6 3. g3 g6 4. Bg2 Bg7 5. Nge2 d6 6. d3 e5 7. Be3 Nge7 8. 0-0 0-0 9. Qd2 Nd4 10. f4 exf4 11. Nxf4 Ne6 12. Nfd5 Nxd5 13. exd5 Nd4 14. Bg5 Qb6 15. Rab1 Bf5 16. Ne4 c4 17. Be3 Bxe4 18. dxe4 Bh6 19. Rf4 Bxf4 20. gxf4 c3 21. Qxd4 Qxd4 22. Bxd4 cxb2 23. Rxb2 b6 24. e5 1-0

[Event "Geraardsbergen op 38th"]
[Site "Geraardsbergen"]
[Date "2023.08.09"]
[Round "8"]
[White "Xu, Yuanyuan"]
[Black "Godde, Matthias"]
[Result "1-0"]
[WhiteElo "2320"]
[BlackElo "2065"]
[PlyCount "51"]
[EventDate "2023.08.06"]
[EventType "swiss"]
[EventRounds "9"]
[EventCountry "BEL"]
[SourceTitle "CBM 215 Extra"]
[Source "ChessBase"]
[SourceDate "2023.09.30"]
[SourceVersion "1"]
[SourceVersionDate "2023.09.30"]
[SourceQuality "1"]

1. b3 g6 2. Bb2 Nf6 3. Bxf6 exf6 4. c4 Bg7 5. Nc3 0-0 6. g3 f5 7. Rc1 c5 8. Bg2 Nc6 9. h4 d6 10. Nh3 Bd7 11. Nf4 Rb8 12. h5 g5 13. Nfd5 a6 14. h6 Bh8 15. a4 Re8 16. Kf1 Re6 17. f4 Rg6 18. e3 Na5 19. Rh5 b5 20. axb5 axb5 21. cxb5 Bxb5+ 22. Nxb5 Rxb5 23. b4 Nc6 24. Qa4 Qb8 25. Nc7 Rb6 26. Na8 1-0

[Event "Brasschaat op 19th"]
[Site "Brasschaat"]
[Date "2019.08.19"]
[Round "3"]
[White "Godde, Matthias"]
[Black "Dardha, Daniel"]
[Result "0-1"]
[WhiteElo "1989"]
[BlackElo "2424"]
[PlyCount "68"]
[EventDate "2019.08.17"]
[EventType "swiss"]
[EventRounds "9"]
[EventCountry "BEL"]
[SourceTitle "EXT 2020"]
[Source "ChessBase"]
[SourceDate "2019.10.17"]
[SourceVersion "1"]
[SourceVersionDate "2019.10.17"]
[SourceQuality "1"]

1. e4 c5 2. Nf3 a6 3. d4 cxd4 4. Nxd4 Nf6 5. Bd3 e6 6. 0-0 Qc7 7. Qe2 d6 8. c4 Be7 9. Nc3 Nbd7 10. Be3 b6 11. Rac1 Bb7 12. Rfd1 0-0 13. f3 Rac8 14. b3 Qb8 15. Bb1 Rfe8 16. Qf2 Bd8 17. Nde2 Ba8 18. Na4 Bc7 19. Ng3 b5 20. Nb2 Ne5 21. Nd3 Neg4 22. fxg4 Nxg4 23. Qe2 Nxe3 24. Qxe3 Bb6 25. c5 dxc5 26. Qg5 c4+ 27. Kh1 cxd3 28. Nh5 Bd4 29. Rxc8 Rxc8 30. Bxd3 Qe5 31. Qg4 g6 32. Ng3 Bb6 33. h4 h5 34. Qf3 Bd8 0-1

[Event "Pfalz op-A 9th"]
[Site "Neustadt an der Weinstrasse"]
[Date "2018.02.09"]
[Round "1"]
[White "Nestorovic, Nikola"]
[Black "Godde, Matthias"]
[Result "1-0"]
[WhiteElo "2504"]
[BlackElo "2091"]
[PlyCount "79"]
[EventDate "2018.02.09"]
[EventType "swiss"]
[EventRounds "9"]
[EventCountry "GER"]
[SourceTitle "CBM 182 Extra"]
[Source "ChessBase"]
[SourceDate "2018.02.23"]
[SourceVersion "1"]
[SourceVersionDate "2018.02.23"]
[SourceQuality "1"]

1. e4 c5 2. Nf3 Nc6 3. d4 cxd4 4. Nxd4 Nf6 5. Nc3 e5 6. Ndb5 d6 7. Bg5 a6 8. Na3 b5 9. Nd5 Be7 10. Bxf6 Bxf6 11. c4 b4 12. Nc2 a5 13. g3 0-0 14. Bg2 Bg5 15. 0-0 Be6 16. Qd3 Rc8 17. Rad1 Ne7 18. Nde3 Bxe3 19. Nxe3 Qb6 20. b3 Rcd8 21. Kh1 g6 22. Rd2 Nc6 23. f4 f5 24. exf5 gxf5 25. Bd5 Bxd5+ 26. Nxd5 Qd4 27. Qc2 Qc5 28. Qd1 Nd4 29. g4 Kh8 30. Rg2 Qa7 31. fxe5 dxe5 32. Qe1 Rde8 33. gxf5 Nxf5 34. Rgf2 Qd7 35. Qe4 Ng3+ 36. hxg3 Qh3+ 37. Kg1 Rg8 38. Rg2 Rxg3 39. Rf8+ Rxf8 40. Qxe5+ 1-0

[Event "Brasschaat op 17th"]
[Site "Brasschaat"]
[Date "2017.08.27"]
[Round "9"]
[White "Godde, Matthias"]
[Black "Van Hassel, CAM"]
[Result "1-0"]
[WhiteElo "1956"]
[BlackElo "2118"]
[PlyCount "99"]
[EventDate "2017.08.19"]
[EventType "swiss"]
[EventRounds "9"]
[EventCountry "BEL"]
[SourceTitle "CBM 180 Extra"]
[Source "ChessBase"]
[SourceDate "2017.10.06"]
[SourceVersion "1"]
[SourceVersionDate "2017.10.06"]
[SourceQuality "1"]

1. d4 Nf6 2. c4 g6 3. Nc3 Bg7 4. e4 d6 5. f3 0-0 6. Be3 Nbd7 7. Qd2 c5 8. Nge2 a6 9. dxc5 dxc5 10. Nf4 Qa5 11. Be2 e6 12. 0-0 Qc7 13. Rfd1 Re8 14. Rac1 Bf8 15. Nd3 Ne5 16. Nxe5 Qxe5 17. f4 Qc7 18. g4 e5 19. f5 Qc6 20. Bf3 gxf5 21. gxf5 Bxf5 22. exf5 Qxf3 23. Rf1 Qh3 24. Kh1 Kh8 25. Qe2 Bh6 26. Rf3 Qh5 27. Rg1 Bxe3 28. Qxe3 Rg8 29. Rgf1 Ng4 30. Qg1 Rad8 31. Nd5 Rd6 32. Rg3 Rh6 33. Rg2 f6 34. Ne3 Qxh2+ 35. Rxh2 Rxh2+ 36. Qxh2 Nxh2 37. Kxh2 Rd8 38. Rd1 Rd4 39. Kg2 Kg7 40. Kf3 Kf7 41. Rxd4 cxd4 42. Ng4 Ke7 43. Nh6 d3 44. Ke3 e4 45. Ng4 Kd6 46. b4 h5 47. Nxf6 Ke5 48. Nxh5 d2 49. Kxd2 Kxf5 50. Ke3 1-0

[Event "BEL-ch U16"]
[Site "Blankenberge"]
[Date "2017.04.14"]
[Round "8"]
[White "Godde, Matthias"]
[Black "Gronsfeld, Stefan"]
[Result "1/2-1/2"]
[WhiteElo "1928"]
[BlackElo "1747"]
[PlyCount "51"]
[EventDate "2017.04.09"]
[EventType "swiss"]
[EventRounds "9"]
[EventCountry "BEL"]
[SourceTitle "CBM 178 Extra"]
[Source "ChessBase"]
[SourceDate "2017.06.22"]
[SourceVersion "1"]
[SourceVersionDate "2017.06.22"]
[SourceQuality "1"]

1. e4 e6 2. d3 d5 3. Nd2 Nf6 4. Ngf3 Bc5 5. e5 Nfd7 6. g3 0-0 7. Bg2 b6 8. 0-0 Bb7 9. Re1 Re8 10. h4 Nc6 11. Nf1 f6 12. d4 Be7 13. Bh3 f5 14. Bg5 h6 15. Bxe7 Nxe7 16. g4 Rf8 17. Ng3 g6 18. Qd2 Kh7 19. Kg2 Qe8 20. Rh1 c5 21. c3 Qf7 22. Ne2 Ba6 23. g5 Bxe2 24. Qxe2 h5 25. Nd2 Nc6 26. Nb3 1/2-1/2

[Event "BEL-ch U16"]
[Site "Blankenberge"]
[Date "2017.04.10"]
[Round "3"]
[White "Vande Ginste, Michiel"]
[Black "Godde, Matthias"]
[Result "0-1"]
[WhiteElo "1796"]
[BlackElo "1928"]
[PlyCount "78"]
[EventDate "2017.04.09"]
[EventType "swiss"]
[EventRounds "9"]
[EventCountry "BEL"]
[SourceTitle "CBM 178 Extra"]
[Source "ChessBase"]
[SourceDate "2017.06.22"]
[SourceVersion "1"]
[SourceVersionDate "2017.06.22"]
[SourceQuality "1"]

1. e4 c5 2. Nf3 Nc6 3. d4 cxd4 4. Nxd4 e5 5. Nb5 d6 6. N1c3 a6 7. Na3 b5 8. Nd5 Nf6 9. Bg5 Be7 10. Bxf6 Bxf6 11. c3 0-0 12. Nc2 Bg5 13. Nce3 Bxe3 14. Nxe3 Ne7 15. Bd3 Bb7 16. Nd5 Nxd5 17. exd5 f5 18. 0-0 Kh8 19. a4 bxa4 20. Rxa4 Bxd5 21. Bxa6 Bc6 22. Ra1 Qg5 23. f3 Rad8 24. Qe2 Rf6 25. Bb5 Bb7 26. Ra7 Bc8 27. Rd1 f4 28. Rda1 e4 29. Bd7 Qc5+ 30. Kh1 Rxd7 31. Qxe4 Rf8 32. Rxd7 Bxd7 33. Qe7 Qf5 34. Qxd6 h5 35. h3 Re8 36. Ra7 Re1+ 37. Kh2 Qb1 38. Qxf4 Rh1+ 39. Kg3 Qe1# 0-1

[Event "Brasschaat op 15th"]
[Site "Brasschaat"]
[Date "2015.08.16"]
[Round "2"]
[White "Godde, Matthias"]
[Black "Hovhannisyan, Mher"]
[Result "0-1"]
[WhiteElo "1545"]
[BlackElo "2515"]
[PlyCount "64"]
[EventDate "2015.08.15"]
[EventType "swiss"]
[EventRounds "9"]
[EventCountry "BEL"]
[SourceTitle "EXT 2016"]
[Source "ChessBase"]
[SourceDate "2015.10.08"]
[SourceVersion "1"]
[SourceVersionDate "2015.10.08"]
[SourceQuality "1"]

1. d4 Nf6 2. c4 g6 3. Nc3 d5 4. cxd5 Nxd5 5. e4 Nxc3 6. bxc3 Bg7 7. Nf3 0-0 8. Be2 c5 9. 0-0 cxd4 10. cxd4 Nc6 11. Bb2 Bg4 12. Qb3 Bxf3 13. Bxf3 Nxd4 14. Bxd4 Bxd4 15. Rad1 e5 16. Bg4 Qb6 17. Qc4 Qc6 18. Qe2 b5 19. Rc1 Qb7 20. Rc2 b4 21. Rfc1 Bc3 22. a3 a5 23. a4 Rfd8 24. Rd1 Rd4 25. f3 Rad8 26. Rcc1 Rxd1+ 27. Rxd1 Qb6+ 28. Kf1 Rxd1+ 29. Qxd1 b3 30. Bd7 b2 31. Bb5 Qe3 32. Bd3 Bd4 0-1

[Event "Brasschaat op 15th"]
[Site "Brasschaat"]
[Date "2015.08.16"]
[Round "2"]
[White "Godde, Matthias"]
[Black "Jacobs, Paul"]
[Result "0-1"]
[WhiteElo "1545"]
[BlackElo "1591"]
[PlyCount "74"]
[EventDate "2015.08.15"]
[EventType "swiss"]
[EventRounds "9"]
[EventCountry "BEL"]
[SourceTitle "EXT 2016"]
[Source "ChessBase"]
[SourceDate "2015.10.08"]
[SourceVersion "1"]
[SourceVersionDate "2015.10.08"]
[SourceQuality "1"]

1. d4 d5 2. Nf3 e6 3. e3 a6 4. Bd3 Nf6 5. b3 Nbd7 6. Bb2 c5 7. Nbd2 b5 8. c4 Bb7 9. Rc1 bxc4 10. bxc4 cxd4 11. Bxd4 Be7 12. c5 Rc8 13. Nb3 0-0 14. 0-0 Nb8 15. Qe2 a5 16. a4 Bc6 17. Ra1 Ne4 18. Ne5 f6 19. Nxc6 Nxc6 20. f3 Ng5 21. Rfc1 e5 22. Bc3 e4 23. fxe4 dxe4 24. Bb5 Nb4 25. Bxb4 axb4 26. Qc4+ Kh8 27. Qxb4 Qc7 28. Qa5 Qxa5 29. Nxa5 Bxc5 30. Rxc5 Rxc5 31. Nc4 Ra8 32. Rd1 g6 33. Rd7 Rb8 34. Rd4 f5 35. g3 Nf3+ 36. Kg2 Nxd4 37. exd4 Rd5 0-1

[Event "BEL-ch U14"]
[Site "Blankenberge"]
[Date "2015.04.18"]
[Round "9"]
[White "Rosik, Gauthier"]
[Black "Godde, Matthias"]
[Result "1-0"]
[WhiteElo "1420"]
[BlackElo "1511"]
[PlyCount "99"]
[EventDate "2015.04.12"]
[EventType "swiss"]
[EventRounds "9"]
[EventCountry "BEL"]
[SourceTitle "CBM 166 Extra"]
[Source "ChessBase"]
[SourceDate "2015.06.18"]
[SourceVersion "1"]
[SourceVersionDate "2015.06.18"]
[SourceQuality "1"]

1. Nf3 Nf6 2. d4 e6 3. Bf4 b6 4. e3 Bb7 5. Bd3 c5 6. c3 Be7 7. Nbd2 d5 8. h3 Nc6 9. 0-0 0-0 10. Re1 c4 11. Bc2 b5 12. b4 Nh5 13. Bh2 f5 14. Ne5 Nf6 15. Ndf3 Ne4 16. Nxc6 Bxc6 17. Bxe4 dxe4 18. Ne5 Qd5 19. Rf1 Bb7 20. a4 a6 21. a5 Rf6 22. Bf4 h6 23. Qh5 Raf8 24. Ng6 R8f7 25. Ne5 Rf8 26. Ng6 Rxg6 27. Qxg6 Rf6 28. Qe8+ Bf8 29. Qb8 g5 30. Bh2 f4 31. Qe5 Qd8 32. d5 Bd6 33. Qd4 Bxd5 34. Qb6 Bc7 35. Qxa6 Qb8 36. Rfd1 Kg7 37. exf4 gxf4 38. Bxf4 Bxf4 39. Qb6 Bh2+ 40. Kh1 Qe5 41. a6 e3 42. Qxe3 Rg6 43. Qxe5+ Bxe5 44. Rxd5 exd5 45. a7 Bxc3 46. a8Q Bxa1 47. Qxa1+ Kf7 48. Qa7+ Ke6 49. Qb6+ Kf5 50. g4+ 1-0

[Event "BEL-ch U14"]
[Site "Blankenberge"]
[Date "2015.04.15"]
[Round "5"]
[White "Beukema, Jasper"]
[Black "Godde, Matthias"]
[Result "1-0"]
[WhiteElo "1933"]
[BlackElo "1511"]
[PlyCount "93"]
[EventDate "2015.04.12"]
[EventType "swiss"]
[EventRounds "9"]
[EventCountry "BEL"]
[SourceTitle "CBM 166 Extra"]
[Source "ChessBase"]
[SourceDate "2015.06.18"]
[SourceVersion "1"]
[SourceVersionDate "2015.06.18"]
[SourceQuality "1"]

1. e4 c5 2. Nc3 e6 3. f4 a6 4. Nf3 Nc6 5. d3 d5 6. g3 g6 7. Bg2 Bg7 8. 0-0 Nge7 9. Kh1 0-0 10. e5 h5 11. Ne2 Nf5 12. d4 cxd4 13. Nexd4 Ncxd4 14. Nxd4 Nxd4 15. Qxd4 Bd7 16. Be3 Bb5 17. Rfc1 Qd7 18. c4 dxc4 19. Qxd7 Bxd7 20. Rxc4 Bc8 21. Rc7 Rb8 22. Ba7 Ra8 23. Bb6 Rb8 24. Rd1 Re8 25. Kg1 Bf8 26. Kf2 Kg7 27. Ke2 Kg8 28. Rd3 Kg7 29. Rdc3 Kg8 30. Kd3 Kg7 31. Kc2 Kg8 32. Kb3 Kg7 33. a4 Kg8 34. a5 Kg7 35. h3 Kg8 36. Be4 Kg7 37. g4 hxg4 38. hxg4 Kg8 39. g5 Kg7 40. Ba7 Ra8 41. Bxb7 Rxa7 42. Bxc8 Ra8 43. R3c6 Rb8+ 44. Kc2 Bb4 45. Bxe6 Bxa5 46. Rxf7+ Kh8 47. Rxa6 1-0